|
|
|
|
| LEADER |
00000cam a2200000 7i4500 |
| 001 |
0000006669 |
| 005 |
20151222.0 |
| 008 |
070817 |
| 020 |
|
|
|a 9833241433
|
| 090 |
0 |
0 |
|a JF
|b NS MAL (6385)
|
| 100 |
0 |
|
|a Syed Hafidz
|
| 245 |
1 |
0 |
|a Bakti disanjung budi dikenang :
|b Syair
|c Syed Hafidz
|
| 260 |
|
|
|a Selangor :
|b Penerbitan PCT ,
|c 2006
|
| 440 |
|
0 |
|a Siri puisi moden semasa
|
| 500 |
|
|
|a Children ages 7-9 years old (orange)
|
| 650 |
|
0 |
|a Junior fiction
|x Malay
|x Languages
|
| 650 |
|
0 |
|a Malay poetry
|
| 650 |
|
0 |
|a Syair
|
| 999 |
|
|
|a 0000927714
|b Book
|c Children Collection
|e Cawangan Tangkak
|
| 999 |
|
|
|a 0000927715
|b Book
|c Children Collection
|e Cawangan Tangkak
|
| 999 |
|
|
|a 0000927716
|b Book
|c Children Collection
|e Cawangan Tangkak
|
| 999 |
|
|
|a 0000986086
|b Book
|c Children Collection
|e Cawangan Tangkak
|
| 999 |
|
|
|a 0000986087
|b Book
|c Children Collection
|e Cawangan Mersing
|
| 999 |
|
|
|a 0000986088
|b Book
|c Children Collection
|e Perbadanan Perpustakaan Awam Johor
|
| 999 |
|
|
|a 0000986089
|b Book
|c Children Collection
|e Perbadanan Perpustakaan Awam Johor
|
| 999 |
|
|
|a 0000986090
|b Book
|c Children Collection
|e Cawangan Bandar Penawar
|